000 00548nam a2200181Ia 4500
005 20250508163220.0
008 008 250505s9999 xx 000 0 eng d
037 _aTextual
040 _aFEDL
_beng
_cFEDL
041 _aeng
_2eng
084 _a371.928, ISH
_qFEDL
100 _aKishwar Ishtiaq
_9774919
245 0 _aMentally retarded children: A social-psychological study
260 _aNew Delhi, India
_bS. Chand and Company Limited
_c1977
300 _ax,237p.
942 _cTEXL
_h371.928, ISH
999 _c1381558
_d1381558